| 000 | 00499nam a22001577a 4500 | ||
|---|---|---|---|
| 003 | NUST - PNEC | ||
| 005 | 20170116181116.0 | ||
| 008 | 151004b xxu||||| |||| 00| 0 eng d | ||
| 040 | _cLIBRARY | ||
| 082 | _a621.81 WIN | ||
| 100 |
_913194 _aWinston, Stanton E |
||
| 245 |
_aMachine design. _bA text presenting those fundamentals of theory and analysis which are basic to the field of machine design _cStanton E. Winston |
||
| 260 | _c1977 | ||
| 650 |
_95574 _aMachine design _xME |
||
| 942 |
_2ddc _cBK |
||
| 999 |
_c69319 _d69319 |
||